| 000 | 00622nam a22002297a 4500 | ||
|---|---|---|---|
| 003 | BD-DhSAU | ||
| 005 | 20210914112602.0 | ||
| 008 | 210610b2019 us a|||| |||| 001 0 eng d | ||
| 020 |
_a9789353162191 _c2875.001 |
||
| 040 | _aBD-DhSAU | ||
| 082 |
_222 _a658.15 _bK5273 |
||
| 100 | _aKhan, M.Y. | ||
| 245 |
_aFinancial Management : Text, Problems and Cases _cM. Y. Khan and P. K. Jain |
||
| 250 | _a8th | ||
| 260 |
_aNey York: _bMcGraw Hill Education; _c2019. |
||
| 300 |
_bill.; _c24cm. |
||
| 500 | _aIncludes index. | ||
| 650 | _aFinance | ||
| 650 | _aManagement | ||
| 700 | _4M. Y. Khan | ||
| 942 |
_2ddc _cBOOK _e8th |
||
| 999 |
_c15145 _d15144 |
||